Tracking module for mobile object; Современные техника и технологии; Т. 2

Dettagli Bibliografici
Parent link:Современные техника и технологии: сборник трудов XV Международной научно-практической конференции студентов, аспирантов и молодых ученых, Томск, 4-8 мая 2009 г/ Национальный исследовательский Томский политехнический университет (ТПУ).— , 2009
Т. 2.— 2009.— [С. 187-189]
Autore principale: Galkin A. V.
Altri autori: Demin A. U. (научный руководитель), Samsonova E. S.
Riassunto:Заглавие с титульного листа
Электронная версия печатной публикации
Lingua:inglese
Pubblicazione: 2009
Soggetti:
Accesso online:http://www.lib.tpu.ru/fulltext/c/2009/C01/V2/095.pdf
Natura: MixedMaterials Elettronico Capitolo di libro
KOHA link:https://koha.lib.tpu.ru/cgi-bin/koha/opac-detail.pl?biblionumber=246119

MARC

LEADER 00000naa2a2200000 4500
001 246119
005 20260115162243.0
035 |a (RuTPU)RU\TPU\book\267561 
035 |a RU\TPU\book\267560 
090 |a 246119 
100 |a 20131124d2009 k||y0rusy50 ba 
101 0 |a eng 
102 |a RU 
135 |a drnn ---uucaa 
181 0 |a i  
182 0 |a b 
200 1 |a Tracking module for mobile object  |f A. V. Galkin  |g науч. рук. A. U. Demin ; науч. рук. E. S. Samsonova 
203 |a Текст  |c электронный 
215 |a 1 файл (706 Кб) 
300 |a Заглавие с титульного листа 
300 |a Электронная версия печатной публикации 
337 |a Adobe Reader 
461 0 |0 (RuTPU)RU\TPU\book\261117  |t Современные техника и технологии  |o сборник трудов XV Международной научно-практической конференции студентов, аспирантов и молодых ученых, Томск, 4-8 мая 2009 г  |o в 3 т.  |f Национальный исследовательский Томский политехнический университет (ТПУ)  |d 2009 
463 0 |0 (RuTPU)RU\TPU\book\266450  |t Т. 2  |v [С. 187-189]  |d 2009 
610 1 |a электронный ресурс 
610 1 |a труды учёных ТПУ 
610 1 |a мобильные объекты 
610 1 |a модули 
610 1 |a отслеживание 
610 1 |a описание 
610 1 |a движение объектов 
700 1 |a Galkin  |b A. V. 
702 1 |a Demin  |b A. U.  |4 727 
702 1 |a Samsonova  |b E. S.  |4 727 
801 1 |a RU  |b 63413507  |c 20130617 
801 2 |a RU  |b 63413507  |c 20131124  |g RCR 
856 4 |u http://www.lib.tpu.ru/fulltext/c/2009/C01/V2/095.pdf 
942 |c CF